<?xml version="1.0" encoding="UTF-8"?><?xml-stylesheet type="text/xsl" href="static/style.xsl"?><OAI-PMH xmlns="http://www.openarchives.org/OAI/2.0/" xmlns:xsi="http://www.w3.org/2001/XMLSchema-instance" xsi:schemaLocation="http://www.openarchives.org/OAI/2.0/ http://www.openarchives.org/OAI/2.0/OAI-PMH.xsd"><responseDate>2026-04-13T06:59:58Z</responseDate><request verb="GetRecord" identifier="oai:www.recercat.cat:2117/446665" metadataPrefix="marc">https://recercat.cat/oai/request</request><GetRecord><record><header><identifier>oai:recercat.cat:2117/446665</identifier><datestamp>2026-01-15T05:44:48Z</datestamp><setSpec>com_2072_1033</setSpec><setSpec>col_2072_452950</setSpec></header><metadata><record xmlns="http://www.loc.gov/MARC21/slim" xmlns:dcterms="http://purl.org/dc/terms/" xmlns:xsi="http://www.w3.org/2001/XMLSchema-instance" xmlns:doc="http://www.lyncode.com/xoai" xsi:schemaLocation="http://www.loc.gov/MARC21/slim http://www.loc.gov/standards/marcxml/schema/MARC21slim.xsd">
   <leader>00925njm 22002777a 4500</leader>
   <datafield ind2=" " ind1=" " tag="042">
      <subfield code="a">dc</subfield>
   </datafield>
   <datafield ind2=" " ind1=" " tag="720">
      <subfield code="a">Liu, Huan</subfield>
      <subfield code="e">author</subfield>
   </datafield>
   <datafield ind2=" " ind1=" " tag="720">
      <subfield code="a">Alper Basar, Ibrahim</subfield>
      <subfield code="e">author</subfield>
   </datafield>
   <datafield ind2=" " ind1=" " tag="720">
      <subfield code="a">Eskicioglu, Cigdem</subfield>
      <subfield code="e">author</subfield>
   </datafield>
   <datafield ind2=" " ind1=" " tag="260">
      <subfield code="c">2025-12-01</subfield>
   </datafield>
   <datafield ind2=" " ind1=" " tag="520">
      <subfield code="a">This study evaluated the performance of an optimized hydrothermal liquefaction (HTL) process for municipal sludge with downstream anaerobic digestion (AD) for aqueous by-product valorization. Mixed sludge with various primary and secondary sludge ratios and digested sludge cake from mesophilic and thermophilic AD from wastewater treatment plants under seasonal and operational fluctuations were tested. Results showed shifts in product yield, biocrude and hydrochar composition, and energy recovery (ER), with higher secondary sludge ratio leading to increased hydrochar heavy metals and phosphorus. However, biocrude maintained consistent C (72–75 %), H (9–10 %), and N (4–5 %) contents, higher heating value (35–37 MJ/kg), dry-ash-free yield (48 ± 3 %), and ER (69 ± 1 %), demonstrating adaptability of the optimized HTL condition for varying feedstock. Biocrude ER was driven by sludge composition, ranking lipids > proteins > carbohydrates. Mesophilic AD effectively treated HTL aqueous by-product, achieving the highest overall ER (78–82 %), energy return on investment (10.8–11.1), and net energy yield (15.7–16.2 MJ/kg, dry basis) in HTL-AD system, outperforming AD and AD-HTL-AD configurations for sludge treatment. These findings demonstrate the robustness of optimized HTL condition across diverse sludge feedstocks and highlight the potential of HTL-AD integration to enhance ER and resource sustainability in wastewater treatment practice.</subfield>
   </datafield>
   <datafield ind2=" " ind1=" " tag="520">
      <subfield code="a">This study was funded by the Natural Sciences and Engineering Research Council of Canada (NSERC) and Metro Vancouver Industrial Research Chair Program in Advanced Resource Recovery from Wastewater (IRCPJ 548816-18) and supported by the NSERC Canada Graduate Scholarship – Doctoral program.</subfield>
   </datafield>
   <datafield ind2=" " ind1=" " tag="520">
      <subfield code="a">Peer Reviewed</subfield>
   </datafield>
   <datafield ind2=" " ind1=" " tag="520">
      <subfield code="a">Postprint (published version)</subfield>
   </datafield>
   <datafield tag="653" ind2=" " ind1=" ">
      <subfield code="a">Àrees temàtiques de la UPC::Enginyeria civil::Enginyeria hidràulica, marítima i sanitària</subfield>
   </datafield>
   <datafield tag="653" ind2=" " ind1=" ">
      <subfield code="a">Sewage sludge</subfield>
   </datafield>
   <datafield tag="653" ind2=" " ind1=" ">
      <subfield code="a">Hydrothermal conversion</subfield>
   </datafield>
   <datafield tag="653" ind2=" " ind1=" ">
      <subfield code="a">Biocrude</subfield>
   </datafield>
   <datafield tag="653" ind2=" " ind1=" ">
      <subfield code="a">Hydrochar</subfield>
   </datafield>
   <datafield tag="653" ind2=" " ind1=" ">
      <subfield code="a">Biofuel</subfield>
   </datafield>
   <datafield ind2="0" ind1="0" tag="245">
      <subfield code="a">Effects of municipal sludge composition on hydrothermal liquefaction products: optimizing energy recovery via combination with anaerobic digestion</subfield>
   </datafield>
</record></metadata></record></GetRecord></OAI-PMH>